The Tortured Poets Department Album - Statistics

General Stats
  • This quiz has been taken 26 times
  • The average score is 27 of 31
Answer Stats
# Tracks % Correct
6. But Daddy I Love Him
100%
16. Clara Bow
100%
4. Down Bad
100%
1. Fortnight (feat. Post Malone)
100%
3. My Boy Only Breaks His Favorite Toys
100%
28. Peter
100%
5. So Long, London
100%
15. The Alchemy
100%
27. Cassandra
93%
9. Guilty as Sin?
93%
13. I Can Do It With a Broken Heart
93%
17. The Black Dog
93%
31. The Manuscript
93%
14. The Smallest Man Who Ever Lived
93%
2. The Tortured Poets Department
93%
8. Florida!!! (feat. Florence + The Machine)
87%
7. Fresh Out The Slammer
87%
11. I Can Fix Him (No Really I Can)
87%
30. Robin
87%
22. So High School
87%
19. The Albatross
87%
10. Who's Afraid of Little Old Me?
87%
21. How Did It End?
80%
12. loml
80%
29. The Bolter
80%
26. The Prophecy
80%
20. Chloe or Sam or Sophia or Marcus
73%
23. I Hate It Here
73%
18. imgonnagetyouback
73%
25. I Look In People's Windows
67%
24. thanK you aIMee
60%
No matching quizzes found
Score Distribution
Percent of People with Each Score
Percentile by Number Answered
Your Score History
You have not taken this quiz